000 00281nam a2200109Ia 4500
008 220204s9999 xx 000 0 und d
082 _a635
_bBAL
100 _aBALLARD, Ernesta Drinker
245 0 _aArt of training plants
260 _aNew York
_bBarnes and Noble
_c1974
942 _cBK
999 _c23800
_d23800